00388nam a2200121Ia 4500008004100000020000500041082001600046100001900062245013100081260004400212300000500256650000500261140316s9999 xx 000 0 und d a a658bSHE/MO aSherlekar,S.A. aModern Business Organisation and Management : System Based Contingency approach to the organisation and management of Business aBombaybHimalaya Publishing Housec1984 a a